[Event "Vojvodina-ch 5th"]
[Site "Novi Sad"]
[Date "2014.07.12"]
[Round "2"]
[White "Mrkonjic, Nenad"]
[Black "Kovacevic, Goran B"]
[Result "1-0"]
[WhiteElo "2373"]
[BlackElo "2136"]
[PlyCount "63"]
[EventDate "2014.07.12"]
[EventType "swiss"]
[EventRounds "9"]
[EventCountry "YUG"]
[SourceTitle "CBM 161 Extra"]
[Source "ChessBase"]
[SourceDate "2014.08.29"]
[SourceVersion "1"]
[SourceVersionDate "2014.08.29"]
[SourceQuality "1"]

1. d4 Nf6 2. Nf3 e6 3. g3 Be7 4. Bg2 0-0 5. 0-0 d5 6. c4 dxc4 7. Ne5 c5 8. dxc5 Bxc5 9. Nc3 Bd4 10. Nxc4 Nc6 11. Nb5 e5 12. Bg5 h6 13. Bxf6 Qxf6 14. e3 Bc5 15. Rc1 Rd8 16. Qh5 Bf5 17. Rfd1 Rxd1+ 18. Rxd1 Bg6 19. Qe2 Rd8 20. Nc3 Rxd1+ 21. Qxd1 Qe6 22. Bd5 Qe7 23. Qg4 Kh7 24. Qc8 Bb4 25. Bxc6 bxc6 26. Qxc6 Bxc3 27. bxc3 e4 28. Qd5 f5 29. Ne5 Bh5 30. h3 Be2 31. Nc6 Qf6 32. Nd4 1-0

[Event "Vojvodina-ch 4th"]
[Site "Novi Sad"]
[Date "2013.06.28"]
[Round "2"]
[White "Saric, Sinisa"]
[Black "Kovacevic, Goran B"]
[Result "1/2-1/2"]
[WhiteElo "2412"]
[BlackElo "2177"]
[PlyCount "140"]
[EventDate "2013.06.28"]
[EventType "swiss"]
[EventRounds "9"]
[EventCountry "SRB"]
[SourceTitle "CBM 155 Extra"]
[Source "ChessBase"]
[SourceDate "2013.08.26"]
[SourceVersion "1"]
[SourceVersionDate "2013.08.26"]
[SourceQuality "1"]

1. d4 Nf6 2. c4 e6 3. Nc3 d5 4. cxd5 exd5 5. Bg5 c6 6. Qc2 Be7 7. e3 0-0 8. Bd3 Nbd7 9. Nf3 Re8 10. 0-0 Nf8 11. Ne5 N6d7 12. Bxe7 Qxe7 13. Nxd7 Bxd7 14. b4 Qh4 15. Rae1 Re6 16. f3 Qe7 17. Qd2 Qxb4 18. Rb1 Qe7 19. Rxb7 Rxe3 20. Bf5 Re8 21. Ne4 Qa3 22. Bxd7 Nxd7 23. Rxd7 dxe4 24. fxe4 R3xe4 25. Rdxf7 Qd6 26. Rxa7 Qxd4+ 27. Qxd4 Rxd4 28. Rff7 Rg4 29. Rfc7 h5 30. Re7 Rxe7 31. Rxe7 Rc4 32. Kf2 Kf8 33. Re2 Rh4 34. h3 Ra4 35. Ke1 Kf7 36. Kd1 Kf6 37. Kc1 Kf5 38. Kb2 Kf4 39. Kb3 Ra6 40. a4 g5 41. Kb4 Kg3 42. Re5 Kh4 43. a5 g4 44. Re3 gxh3 45. Rxh3+ Kg4 46. Ra3 Kf4 47. Rf3+ Kg4 48. Ka4 Ra8 49. Rc3 Ra6 50. Kb4 Kf4 51. Ra3 Kg4 52. Kc5 h4 53. Kd6 Kf4 54. Kc7 c5 55. Kb7 Rg6 56. Rh3 Rxg2 57. Rxh4+ Ke5 58. Ra4 Kd5 59. a6 Rg7+ 60. Kb6 Rg6+ 61. Kb5 Rg8 62. a7 Ra8 63. Kb6 c4 64. Kb7 Rxa7+ 65. Kxa7 c3 66. Kb6 c2 67. Ra1 Kc4 68. Ra5 Kc3 69. Rc5+ Kb2 70. Rxc2+ Kxc2 1/2-1/2

[Event "Vojvodina-ch 2nd"]
[Site "Novi Sad"]
[Date "2011.07.24"]
[Round "2"]
[White "Indjic, Aleksandar"]
[Black "Kovacevic, Goran B"]
[Result "1-0"]
[WhiteElo "2373"]
[BlackElo "2140"]
[PlyCount "57"]
[EventDate "2011.07.24"]
[EventType "swiss"]
[EventRounds "9"]
[EventCountry "SRB"]
[SourceTitle "CBM 143 Extra"]
[Source "ChessBase"]
[SourceDate "2011.08.29"]
[SourceVersion "1"]
[SourceVersionDate "2011.08.29"]
[SourceQuality "1"]

1. d4 d5 2. c4 c6 3. Nf3 Nf6 4. Nbd2 Bf5 5. e3 e6 6. Be2 h6 7. 0-0 Nbd7 8. a3 Bd6 9. b4 0-0 10. Bb2 Ne4 11. b5 Nxd2 12. Nxd2 Rc8 13. a4 Re8 14. c5 Bb8 15. f4 b6 16. bxc6 Rxc6 17. Bb5 Rc7 18. cxb6 axb6 19. Rc1 Qc8 20. Ba3 Rd8 21. Qb3 Nf6 22. Rxc7 Qxc7 23. Rc1 Qb7 24. Qc3 g5 25. fxg5 hxg5 26. Qc6 Qa7 27. Bb4 Ng4 28. Nf1 Nf6 29. a5 1-0

[Event "Vojvodina Cup"]
[Site "Banja Junakovic"]
[Date "2009.05.01"]
[Round "3"]
[White "Paroski, Sinisa"]
[Black "Kovacevic, Goran B"]
[Result "0-1"]
[WhiteElo "2219"]
[BlackElo "2212"]
[PlyCount "50"]
[EventDate "2009.04.30"]
[EventType "team-tourn"]
[EventRounds "5"]
[EventCountry "YUG"]
[SourceTitle "EXT 2011"]
[Source "ChessBase"]
[SourceDate "2010.11.26"]
[SourceVersion "1"]
[SourceVersionDate "2010.11.26"]
[SourceQuality "1"]

1. e4 c5 2. Nf3 d6 3. d4 cxd4 4. Nxd4 Nf6 5. Nc3 a6 6. Be2 e5 7. Nb3 Be7 8. 0-0 0-0 9. Re1 h6 10. Bf3 Be6 11. a4 Nc6 12. Nd5 Bxd5 13. exd5 Nb8 14. a5 Nbd7 15. Qd3 Rc8 16. Be3 Re8 17. c3 Bf8 18. Ra4 g6 19. g3 Nc5 20. Nxc5 dxc5 21. Bg2 Qd7 22. b3 e4 23. Bxe4 c4 24. Rxc4 Rxc4 25. Bxg6 Rc5 0-1

[Event "YUG-chT2"]
[Site "Tivat"]
[Date "1995.??.??"]
[Round "4"]
[White "Tosic, Miroslav"]
[Black "Kovacevic, Goran B"]
[Result "1-0"]
[WhiteElo "2420"]
[BlackElo "2265"]
[PlyCount "61"]
[EventDate "1995.??.??"]
[EventType "team"]
[EventRounds "11"]
[EventCountry "YUG"]
[SourceTitle "EXT 2002"]
[Source "ChessBase"]
[SourceDate "2001.11.25"]
[SourceVersion "1"]
[SourceVersionDate "2001.11.25"]
[SourceQuality "1"]

1. d4 d5 2. c4 e6 3. Nf3 Nf6 4. g3 Be7 5. Bg2 0-0 6. 0-0 Nbd7 7. Qc2 c6 8. Rd1 b5 9. b3 a5 10. Nc3 Ba6 11. c5 Re8 12. a3 Bf8 13. b4 Bc8 14. Bf4 Nh5 15. Bd2 e5 16. e4 axb4 17. axb4 Rxa1 18. Rxa1 dxe4 19. Nxe5 Nxe5 20. dxe5 Rxe5 21. Ra8 f5 22. g4 Nf6 23. gxf5 Rxf5 24. Nxe4 Nd5 25. Nd6 Rxf2 26. Kxf2 Qf6+ 27. Kg1 Qd4+ 28. Kh1 Qf2 29. Rxc8 Ne3 30. Qb3+ Nc4 31. Nxc4 1-0